Statistics for All Romance Languages

Click here to take the quiz!

General Stats

  • This quiz has been taken 205 times
  • The average score is 17 of 28

Answer Stats

LocationNumber of SpeakersLanguage% Correct
Mexico, Spain, Colombia...410,000,000Spanish
100%
France, Canada, Guinea...80,000,000French
99%
Italy, Switzerland, San Marino, Vatican65,000,000Italian
99%
Brazil, Portugal, Angola...215,000,000Portuguese
97%
Romania, Moldova24,000,000Romanian
96%
Spain, Andorra4,100,000Catalan
90%
Italy4,700,000Sicilian
78%
Spain3,000,000Galician
76%
Switzerland37,000Romansh
76%
Italy1,500,000Sardinian
72%
France1,500,000Occitan
66%
Italy, Slovenia, Croatia3,900,000Venetian
62%
Italy5,700,000Neapolitan
61%
Italy, Switzerland3,600,000Lombard
58%
Spain110,000Asturian
57%
France, Italy200,000Corsican
56%
Spain54,000Aragonese
55%
Italy1,600,000Piedmontese
53%
Italy, Monaco, France500,000Ligurian
47%
Italy300,000Friulian
41%
Italy31,000Ladin
39%
Romania, Greece, Albania...250,000Aromanian
39%
Portugal15,000Mirandese
30%
Italy, France, Switzerland140,000Franco-Provençal
30%
Italy, San Marino4,400,000Emilian-Romagnol
29%
Croatia400Istriot
19%
Croatia300Istro-Romanian
19%
Romania, Greece, Macedonia, Turkey5,000Megleno-Romanian
16%

Score Distribution

Percentile by Number Answered

Percent of People with Each Score

Your Score History

You have not taken this quiz